000 00679 a2200169 4500
999 _c1864
_d1864
020 _a9780415668835
050 0 0 _aHF5821
100 1 _aSinclair, John,
_d1944-
_eAuthor
245 1 0 _aAdvertising, the media and globalisation :
_ba world in motion /
_cJohn Sinclair.
300 _a160 p. :
_bill. ;
504 _aIncludes bibliographical references (p. [136]-151) and index.
650 0 _aAdvertising
_xSocial aspects.
650 0 _aMass media.
650 0 _aGlobalization
_xSocial aspects.
942 _2lcc
_cBK
_h5821
_iSIN
_kHF